00311nam a2200109Ia 4500008004100000082000800041100001700049245001900066942000600085952009500091999001500186240331s9999 xx 000 0 und d bGOW a Gowthaman,R 0aThalit panpadu cL 001040708LaWERCLbWERCLcSSCd2024-03-31l0o 305 GOWp3212r2024-03-31w2024-03-31yL c1422d1422